000 00753nam a2200229 i 4500
001 81588
003 ES-MaACL
005 20230906174452.0
007 t|
008 041105s1918 sp ||||1| spa d
100 1 _aHutchison, Robert.
_964840
245 1 0 _aIndice de tratamiento /
_cbajo la dirección de Roberto Hutchison y Jaime Sherren ; traducida por Francisco Tous Biaggi.
250 _a7ª ed.
260 _aBarcelona :
_bManuel Marín,
_c1918 (
_fLa Neotipia)
300 _a2 v. :
_bil. ;
_c25 cm.
490 1 _aGuía del médico práctico
700 1 _aSherren, Jaime.
_9106104
700 1 _aTous Biaggi, Francisco.
_9111157
830 0 _aGuía del médico práctico
_9182962
852 _aES-MaACL
_jB-11567-8
999 _c81588
_d81588